| LEADER 00000nam 2200000uu 4500 |
| 001 211457 |
| 003 ULIBM |
| 008 020711s2559 th a 000 0 tha d |
| 041 ^atha
|
| 050 4 LB2341 ก482ก 2559
|
| 111 0 ^aการประชุมวิชาการพัฒนาศักยภาพผู้บริหารฯ เรื่อง วิทยาลัยคุณธรรม : สู่การพัฒนาเพื่อสร้างคนดี (2559 : เชียงใหม่)
|
| 245 สรุปโครงการ การประชุมวิชาการพัฒนาศักยภาพผู้บริหารในสังกัดสถาบันพระบรมราชชนก ประจำปี 2559 เรื่อง วิทยาลัยคุณธรรม : สู่การพัฒนาเพื่อสร้างคนดี/^cวิทยาลัยพยาบาลบรมราชชนนี เชียงใหม่
|
| 246 30 ^a วิทยาลัยคุณธรรม : สู่การพัฒนาเพื่อสร้างคนดี
|
| 260 เชียงใหม่ :^bวิทยาลัยพยาบาลบรมราชชนนี เชียงใหม่,^c2559
|
| 300 40 หน้า :^bภาพประกอบ ;^c29 ซม.
|
| 650 4 ผู้บริหารสถาบันอุดมศึกษา^xการประชุม
|
| 650 4 ^aวิทยาลัยพยาบาลบรมราชชนนี เชียงใหม่^xการประชุม
|
| 650 4 ^aวิทยาลัยคุณธรรม
|
| 710 2 ^aเชียงใหม่. วิทยาลัยพยาบาลบรมราชชนนี
|
| 999 ^aใช้งานได้ทุกระบบ
|